000
00246nam a2200097Ia 4500
001
765777
005
20250826165328.0
008
250824s9999 xx 000 0 und d
245
0
_a
TAHTA AT
_c
BAHADIR YENİŞEHİRLİOĞLU
260
_b
PANAMA YAYINLARI
999
_c
765777
_d
765777